Planning major projects (Record no. 111801)

MARC details
000 -LEADER
fixed length control field 00719cam a22002295a 4500
001 - CONTROL NUMBER
control field L152018
008 - FIXED-LENGTH DATA ELEMENTS--GENERAL INFORMATION
fixed length control field 110124s2011 xxk f 000 0 eng d
020 ## - INTERNATIONAL STANDARD BOOK NUMBER
International Standard Book Number 9780727741103
035 ## - SYSTEM CONTROL NUMBER
System control number (Sirsi) u152018
041 0# - LANGUAGE CODE
Language code of text/sound track or separate title eng
050 04 - LIBRARY OF CONGRESS CALL NUMBER
Classification number 658.404 $2 18
100 1# - MAIN ENTRY--PERSONAL NAME
Personal name Allport, Roger J.
245 00 - TITLE STATEMENT
Title Planning major projects
260 ## - PUBLICATION, DISTRIBUTION, ETC.
Place of publication, distribution, etc. London
Name of publisher, distributor, etc. Thomas Telford
Date of publication, distribution, etc. 2011
300 ## - PHYSICAL DESCRIPTION
Extent xvi, 251p.
Dimensions 24cm.
520 ## - SUMMARY, ETC.
Summary, etc. A practical guide to delivering major infrastructure projects which covers the role of the planner and looks at key activities such as risk management and project appraisals.
521 ## - TARGET AUDIENCE NOTE
Target audience note Advanced
590 ## - LOCAL NOTE (RLIN)
Local note KA
651 #4 - SUBJECT ADDED ENTRY--GEOGRAPHIC NAME
Geographic name International
690 ## - LOCAL SUBJECT ADDED ENTRY--TOPICAL TERM (OCLC, RLIN)
Topical term or geographic name as entry element Project management
9 (RLIN) 6261
942 ## - ADDED ENTRY ELEMENTS (KOHA)
Suppress in OPAC 0
Holdings
Withdrawn status Lost status Source of classification or shelving scheme Damaged status Not for loan Home library Current library Shelving location Date acquired Cost, normal purchase price Total Checkouts Full call number Barcode Date last seen Copy number Cost, replacement price Price effective from Koha item type
    Dewey Decimal Classification     London London Books 28/03/2011 33.19   658.404 ALL 30075638 06/08/2019 1 33.19 06/08/2019 Book